| 000 | 00987nam0a22002651 4500 | ||
|---|---|---|---|
| 001 | RU\NLR\INFOCOMM\LIB\29898 | ||
| 005 | 20250617205522.0 | ||
| 035 | _a(NLR Aleph) 004300649 | ||
| 090 |
_a2600422 _c2600422 |
||
| 100 | _a20011004d1986 |||y0rusy50 ca | ||
| 101 | 1 |
_afin _crus |
|
| 102 | _aRU | ||
| 105 | _aa ||||000ay | ||
| 200 | 1 |
_aNeuvostonuoriso _e(kysymyksiä ja vastauksia) _fVladimir Jegorov _g[suom. Pekka Forsstedt] |
|
| 210 |
_aMoskova _cUutistoimisto "Novostin" kust.-liike _d1986 |
||
| 215 |
_a48 с., [16] л. ил., цв. ил. _cил.,цв.ил. _d19 см |
||
| 300 | _aНа обор. тит. л.: Советская молодёжь : Вопр. и ответы / Владимир Евгеньевич Егоров | ||
| 700 | 1 |
_aJegorov _bV.E. _gVladimir Evgen'evič _4070 |
|
| 702 | 1 |
_aForsstedt _bP. _gPekka _4730 |
|
| 801 | 1 |
_aRU _bInfoComm _c20011004 |
|
| 801 | 0 |
_aRU _bNLR _gPSBO _c19870619 |
|
| 852 |
_aNLR _bН _jФин/2-8770 |
||
| 942 | _cBOOK | ||
| 980 | _aNB | ||